000 00684nas a2200241 4500
001 BR0705868
003 BR-BrBNA
005 20231205111217.0
007 ta
008 230509b bl.|||p| |||| 00| 00por d
040 _aBR-BrBNA
_bpor
_cBiblioteca Nacional de Agricultura
041 _a(Pt)
072 _aL01
100 1 _aSilveira, A.C.
100 1 _aArrigone, M.D.B.
245 1 _aBovino superprecoce produz carnes mais macias
650 _aBOVINO
650 _aCARNE
650 _aNOVILHO PRECOCE
773 0 _tVisão Agrícola (Brazil)
_xISSN 1806-6402
_g(Jan-Jun 2005), v. 2(3) p. 90-93
_wBR0705868
909 _a202311
_bLúcia
_c55
_dLúcia Elande
942 _2AGRIS
_n0
_cANA
999 _c191368
_d191368